| Поле | Название | Значение |
| |
Тип записи |
a |
| |
Библиографический уровень |
m |
| 001 |
Контрольный номер |
66334ae420ca46048028cbabf414b4a3 |
| 005 |
Дата корректировки |
20140604093047.6 |
| 011 |
Индекс ISSN |
__ |
| a |
ISSN |
0321-0154 |
| 101 |
Язык документа |
0_ |
| a |
Язык текста |
rus |
| 102 |
Страна публикации |
__ |
| a |
Страна публикации |
RU |
| 200 |
Заглавие и сведения об ответственности |
1_ |
| a |
Заглавие |
Учетная политика организации: новое решение |
| f |
Первые сведения об ответственности |
Л. И. Куликова |
| 210 |
Выходные данные |
1_ |
| c |
Издательство |
Бухгалтерский учет |
| a |
Место издания |
М. |
| d |
Дата издания |
2010 |
| 215 |
Физическое описание |
__ |
| a |
Объем |
335, [1] с. |
| 225 |
Серия |
2_ |
| a |
Серия |
Б-ка журн. "Бухгалтерский учет" |
| v |
Обозначение тома |
вып. 1 |
| 610 |
Ключевые слова |
0_ |
| a |
Ключевые слова |
бухгалтерский учет |
| 610 |
Ключевые слова |
0_ |
| a |
Ключевые слова |
учетная политика |
| 610 |
Ключевые слова |
0_ |
| a |
Ключевые слова |
основные средства |
| 610 |
Ключевые слова |
0_ |
| a |
Ключевые слова |
аренда |
| 610 |
Ключевые слова |
0_ |
| a |
Ключевые слова |
лизинг |
| 610 |
Ключевые слова |
0_ |
| a |
Ключевые слова |
нематериальные активы |
| 610 |
Ключевые слова |
0_ |
| a |
Ключевые слова |
договора строительного подряда |
| 610 |
Ключевые слова |
0_ |
| a |
Ключевые слова |
финансовые вложения |
| 610 |
Ключевые слова |
0_ |
| a |
Ключевые слова |
материально-производственные запасы |
| 610 |
Ключевые слова |
0_ |
| a |
Ключевые слова |
займы |
| 610 |
Ключевые слова |
0_ |
| a |
Ключевые слова |
кредиты |
| 610 |
Ключевые слова |
0_ |
| a |
Ключевые слова |
резервы |
| 610 |
Ключевые слова |
0_ |
| a |
Ключевые слова |
налог на прибыль |
| 610 |
Ключевые слова |
0_ |
| a |
Ключевые слова |
доходы организации |
| 610 |
Ключевые слова |
0_ |
| a |
Ключевые слова |
налогообложение |
| 686 |
Индексы других классификаций |
__ |
| a |
Классификационный индекс |
65.052.9(2)229 |
| 2 |
Код системы |
rubbk |
| 700 |
Автор |
_1 |
| a |
Фамилия |
Куликова |
| b |
Имя |
Л. И. |
| g |
Полное личное имя |
Лидия Ивановна |
| 801 |
Источник записи |
_0 |
| a |
Страна |
RU |
| b |
Организация |
РУК |
| c |
Дата составления |
20100407 |
| g |
Правила каталогизации |
PSBO |
| 801 |
Источник записи |
_1 |
| a |
Страна |
RU |
| b |
Организация |
РУК |
| c |
Дата составления |
20100407 |
| g |
Правила каталогизации |
PSBO |
| 852 |
Данные о местонахождении |
__ |
| i |
Авторский знак |
К 90 |
| j |
Шифр хранения |
ББК 65.052 |
| 901 |
Тип документа |
__ |
| t |
Тип документа |
m |
| 938 |
Служебная информация |
__ |
| a |
Название организации |
Головной вуз |
| b |
Имя БД |
BOOK |
| c |
Название АИБС |
АИБС ИРБИС |